00330nam a2200157 a 4500001000800000005001700008008004100025010001700066020001500083040001300098041000800111080001700119082002100136100000700157101000800164109157820180306070341.0920110s1991 waua 000 0 eng  a 92102835  a1560260688 aDLCcDLC aeng a006.6869 COM00a006.6869 COM220 a28 aSHK